"Legyen Máriavölgy a kölcsönös megértés helye-" beszélgetés páter Augustín J. Kardošsal

Bibliographic Details
Main Authors: Szakál, László János, 1956- (Author, Interviewer), Kardoš, Augustín Juraj, 1961- (Author)
Format: Article
Language:Hungarian
PhysicalDescription:Fotogr.
ISSN:1335-6534
Subjects:

MARC

LEADER 00000nab a2200000 ar4500
001 vtls009157044
003 SK-MaSNL
005 20260319071222.0
008 071107c2007 xo |||||||| 000 b|hun
015 |a SNBRB2007/11  |2 snkbucl 
038 |a SNKBUCL 
040 |a DSZK  |b slo  |c DSZK  |e AACR2 
041 0 |a hun 
044 |a xo  |c SK 
080 |a 2-051  |2 1997 
100 1 |a Szakál, László János,  |d 1956-  |4 ivr  |4 aut  |9 108338 
245 1 0 |a "Legyen Máriavölgy a kölcsönös megértés helye-"  |b beszélgetés páter Augustín J. Kardošsal  |c [beszélgetett] Szakál László János 
300 |b Fotogr. 
600 1 7 |a Kardoš, Augustín Juraj,  |d 1961-  |2 snkbucl  |9 1062994 
651 7 |a Marianka (Slovensko)  |2 snkbucl  |9 17441 
655 7 |a rozhovory  |2 snkbucl  |9 31831 
700 1 |a Kardoš, Augustín Juraj,  |d 1961-  |4 ive  |4 aut  |9 1062994 
773 0 |t Remény  |g Évf. XVIII, sz. 43 (2007), o. 6  |x 1335-6534 
852 |a SNK  |b KIS3GCP 
852 |a DSZK  |b KIS3GCP 
958 |a HU 
958 |a SK 
958 |a NT 
999 |c 1746926  |d 1748856